Dragon Ball Z: Cell Saga Characters Quiz Stats

 Plays Quiz not verified by Sporcle

Support Sporcle.
Go Orange.
Score 0/18 Timer 02:00
1 Play Today
% Correct
Goku
90.7%
Piccolo
89.6%
Cell Jrs.
89.6%
Krillin
89.6%
Dr. Gero
89.6%
Cell
89.5%
Future
Trunks
89.5%
Tien Shinhan
89%
Vegeta
88.8%
% Correct
Yamcha
88.6%
King Cold
88.6%
Mecha
Frieza
87.9%
Chiaotzu
87.9%
Android #18
86.5%
Android #17
86.4%
Gohan
86.2%
Android #16
85%
Android #19
77.4%

You're not logged in!

Compare scores with friends on all Sporcle quizzes.
OR
Log In

From the Vault

'C' in Science

by THEJMAN

This quiz title sounds like it belongs on a high school report card.
Remove Ads.
Support Sporcle.
Get the best of Sporcle when you Go Orange. This ad-free experience offers more features, more stats, and more fun while also helping to support Sporcle. Thank you for becoming a member.

Show Comments

Extras

Top Quizzes Today


Score Distribution

Your Account Isn't Verified!

In order to create a playlist on Sporcle, you need to verify the email address you used during registration. Go to your Sporcle Settings to finish the process.

Report this User

Report this user for behavior that violates our Community Guidelines.

Details: